COVID-19 Pays non-touchés par la pandémie - Statistiques

Statistiques générales
  • Ce quiz a été pris 150 fois
  • Le résultat moyen est 7 sur 14
Statistiques - réponses
Pays % Correct
Corée du Nord
72%
Nauru
60%
Tuvalu
60%
Vanuatu
60%
Samoa
59%
Tonga
58%
Salomon
57%
Palaos
54%
Micronésie
53%
Kiribati
50%
Turkménistan
28%
Comores
27%
Lesotho
26%
Tadjikistan
19%
Aucun quiz correspondant
Distribution des résultats
% des personnes avec chaque résultat
Percentile par nombre de réponses
Votre historique - résultats
Vous n’avez pas pris ce quiz